Công nghệ sinh học
Enregistré dans:
| Auteur principal: | |
|---|---|
| Format: | Livre |
| Langue: | Undetermined |
| Publié: |
Tp.HCM
ĐHQG
2001
|
| Sujets: | |
| Tags: |
Ajouter un tag
Pas de tags, Soyez le premier à ajouter un tag!
|
| Thư viện lưu trữ: | Trung tâm Học liệu Trường Đại học Cần Thơ |
|---|
| LEADER | 00484nam a2200181Ia 4500 | ||
|---|---|---|---|
| 001 | CTU_57095 | ||
| 008 | 210402s9999 xx 000 0 und d | ||
| 020 | |b 46000 | ||
| 082 | |a 660.6 | ||
| 082 | |b L561 | ||
| 100 | |a Nguyễn Đức Lượng | ||
| 245 | 0 | |a Công nghệ sinh học | |
| 245 | 0 | |c Nguyễn Đức Lượng | |
| 260 | |a Tp.HCM | ||
| 260 | |b ĐHQG | ||
| 260 | |c 2001 | ||
| 650 | |a biotechnology | ||
| 980 | |a Trung tâm Học liệu Trường Đại học Cần Thơ | ||